Tilastot visalle Tuvalu-visa

Klikkaa tästä pelataksesi tätä visaa!

Yleistilastot

  • Tätä visaa on pelattu 148 kertaa
  • Keskiarvotulos 9 / 14

Vastaustilastot

VihjeVastaus% Oikein
Viralliset kieletEnglanti
96%
Virallinen valuutta, johon toinen virallinen valuutta Tuvalun dollari on sidottu{Australia}n dollari
91%
Viralliset kieletTuvalu
88%
Valtio, josta Tuvalu itsenäistyi 1977Yhdistynyt kuningaskunta
87%
Valtio, joka sijaitsee noin 850 kilometriä Tuvalusta eteläänFidži
80%
PääkaupunkiFunafuti
70%
Oseanian osa-alue, jossa Tuvalu sijaitseePolynesia
70%
Nykyisin itsenäinen valtio, jonka kanssa Tuvalu muodosti yhden protektoraatinKiribati
63%
Tuvalun lipussa olevat tähdet edustavatAtolleja ja saaria
48%
Merenkulkualus, jolla saaren alkuperäiset asukkaat saapuivat TuvaluunKanootti
48%
Tuvalun yksi tärkeimmistä tulonlähteistä, josta se on saanut tuloja vuodesta 2000 lähtienTuvalun verkkotunnus .tv
43%
Tuvalun entinen nimi{Ellice}saaret
37%
Yllä olevan atollin suurin saariFongafale
36%
Tuvalun tärkein maatalouden tuoteKookospähkinät
32%

Tulosjakauma

Persentiili vastausten määrän mukaan

Jokaisen tuloksen saaneiden osuus

Tuloshistoriasi

Et ole pelannut tätä visaa